Statistics for 25 Largest Countries in the World by Area

Click here to take the quiz!

General Stats

  • This quiz has been taken 37 times
  • The average score is 21 of 25

Answer Stats

HintAnswer% Correct
5Brazil
100%
2Canada
100%
3China
100%
4United States
100%
10Algeria
97%
7India
97%
8Argentina
94%
6Australia
94%
14Indonesia
94%
9Kazakhstan
88%
17Iran
85%
13Mexico
85%
24South Africa
85%
15Sudan
85%
25Colombia
82%
18Mongolia
79%
19Peru
79%
16Libya
76%
21Niger
76%
12Saudi Arabia
74%
20Chad
68%
22Angola
65%
23Mali
65%
1Russia
50%
11Democratic Republic of Congo
32%

Score Distribution

Percentile by Number Answered

Percent of People with Each Score

Your Score History

You have not taken this quiz